000 01629nam0a2200361 4500
001 RU\NLR\bibl\564887
005 20250609163533.0
010 _a5-222-04753-9
_95000
021 _aRU
_b2004-52824
_92593
035 _a(NLR Aleph) 000556984
090 _a1508196
_c1508196
100 _a20041020d2004 |||y0rusy50 ca
101 0 _arus
102 _aRU
105 _aa |||||||||
200 1 _aИнформатика для гуманитарных вузов
_eУчеб. пособие для студентов гуманит. вузов
_fЮ.К. Щипин, А.М. Телепин, С.В. Колков
210 _aМ.
_cМоск. гуманит. ун-т
_aРостов н/Д
_cФеникс
_d2004
215 _a216, [1] с.
_cил.
_d20
225 1 _aСерия "Высшее образование"
320 _aБиблиогр.: с. 210 (9 назв.)
606 0 _aИнформатика
_jРуководства, пособия и т.п. для высшей школы
_92081274
_3RU\NLR\auth\661257251
606 0 _aИнформатика
_jУчебные издания для высших учебных заведений
_92081274
_3RU\NLR\auth\661257251
686 _aЗ973.233я73-1
700 1 _aЩипин
_bЮ. К.
_gЮрий Константинович
_4070
701 1 _aТелепин
_bА. М.
_gАлександр Михайлович
_4070
701 1 _aКолков
_bС. В.
_gСергей Владимирович
_4070
801 0 _aRU
_bNLR
_c20041020
_gPSBO
801 1 _aRU
_bNLR
_c20041020
830 _aАвт. по кн.
942 _cBOOK
980 _aNB